План взаимодействия 9-й гвардейской ночной бомбардировочной авиационной дивизии с 32-м стрелковым корпусом по частной операции 5...

RUSMARC
00005293cbm0a2200313#x 450
001fafe6d06-7ef4-4195-809f-c62f29e1a7f0
00520250409144606.0
100##$a20250409l194503##k###0rusy50 ca
1010#$arus
102##$aDE
1222#$ad19450317##
$ad19450318##
2001#$aПлан взаимодействия 9-й гвардейской ночной бомбардировочной авиационной дивизии с 32-м стрелковым корпусом по частной операции 5-й ударной армии 1-го Белорусского фронта
$j17-18 марта 1945 г.
251##$cДокумент
300##$aПодлинник
461#0$12001
$aФ. 368
$1251
$cФонд
$1852
$j368
462#0$12001
$aОп. 6476
$1251
$cОпись
$1852
$j6476
462#0$12001
$aД. 424
$vЛ. 289-289об.
$1251
$cДело
$1852
$j424
60102$2nlr_sh
$3RU\NLR\AUTH\661538974
$aБелорусский фронт
$c1; 1944 - 1945
$xВоенные операции
$z1945
$jДокументы и материалы
605##$2prlib_sh
$3LIBNET\UAF\0000088514
$aВторая мировая война в архивных документах (Комплекс оцифрованных архивных документов, кино- и фотоматериалов)
$lколлекция
605##$2acquisition_Prlib
$3DITM\AF\0000002775
$aВласть
$lколлекция
605##$2acquisition_Prlib
$3DITM\AF\0000003834
$aНарод
$lколлекция
6061#$2nlr_sh
$3RU\NLR\AUTH\661342670
$aВеликая Отечественная война
$z1941 - 1945
$xВоенные операции
$z1945
$jДокументы и материалы
6061#$2nlr_sh
$3RU\NLR\AUTH\661520861
$aВеликая Отечественная война
$z1941 - 1945
$zТретий период
$z1944 – 1945
$jДокументы и материалы
686##$a63.3(2)622,13ю1
$2rubbk
$vLBC/M
801#0$aRU
$bПБ им. Б.Н. Ельцина
$c20250409
801#1$aRU
$bПБ им. Б.Н. Ельцина
$c20250409
$2rusmarc
801#2$aRU
$bПБ им. Б.Н. Ельцина
$c20250409
$2rusmarc
850##$aЦентральный архив Министерства обороны Российской Федерации
852##$aЦА МО РФ
$jЛ. 289-289об.
035##$aLIBNET\0001466797
937##$d196597761
$hФедеральное архивное агентство
8564#$uhttp://readingroom.main.prlib.ru/item.aspx?id_node=n196597761&mode=full
Формат отображения